Statistics for Efsane Milan Kadrosu

Click here to take the quiz!

General Stats

  • This quiz has been taken 326 times
  • The average score is 8 of 11

Answer Stats

PozisyonÜlkeCevap% Correct
Sol BekİtalyaMaldini
89%
KaleciBrezilyaDida
87%
Sağ BekBrezilyaCafu
86%
Orta SahaBrezilyaKaka
86%
DefansİtalyaNesta
81%
Orta SahaİtalyaPirlo
79%
Orta SahaİtalyaGattuso
77%
ForvetİtalyaInzaghi
68%
ForvetUkraynaShevchenko
66%
Orta SahaSurinamSeedorf
65%
DefansHollandaStam
62%

Score Distribution

Percentile by Number Answered

Percent of People with Each Score

Your Score History

You have not taken this quiz